| 000 | 00982nam a2200253Ia 4500 | ||
|---|---|---|---|
| 003 | GCL | ||
| 005 | 20240530101624.0 | ||
| 008 | 140319s9999 xx 000 0 ara d | ||
| 040 |
_aGCL / _cGCL |
||
| 082 | 0 | 4 |
_aد _b808 _bج ا |
| 100 | 1 | _aالجامعة الامريكية بالقاهرة | |
| 245 | 1 | 0 |
_aالف مجلة البلاغة المقارنة المجاز والتمثيل فى العصور الوسطى / _cالجامعة الامريكية بالقاهرة |
| 260 |
_a[S.N] : _bالجامعة الامريكية بالقاهرة ، _c1992 |
||
| 300 | _aمتعدد | ||
| 490 |
_aدراسات منهجية هادفة . فقه الدعوة والبناء والعمل الاسلامى _v0 |
||
| 650 | 0 | 4 | _aالادب العربى |
| 650 | 0 | 4 | _aالادب |
| 650 | 0 | 4 | _aالبلاغة العربية |
| 650 | 0 | 4 | _aالادب المقارن |
| 650 | 0 | 4 | _aالعصور الوسطى |
| 650 | 0 | 4 | _aالمجاز |
| 650 | 0 | 4 | _aتاريخ ونقد |
| 942 |
_2ddc _cCF |
||
| 999 |
_c27048 _d27048 |
||